000 00482nam a22001697a 4500
003 BD-ChCU
005 20251111113852.0
008 251111b bg ||||| |||| 00| 0 ben d
040 _cBD-ChCU
082 _a297.9 SMI
100 _aSmith, Wilfred Cantwell.
_915950
245 _aIslam in modern history.//
_cWilfred Cantwell Smith.
260 _aPrinceton.
_bPrinceton Univ. Press.
_c1957
300 _aix, 317p
650 0 _aIslam - History, Modern.
_915952
942 _2ddc
_cBK
_n0
999 _c109330
_d109330